|
|
|
|
| LEADER |
00000naa2a2200000 4500 |
| 001 |
671543 |
| 005 |
20240402162145.0 |
| 090 |
|
|
|a 671543
|
| 100 |
|
|
|a 20240315d2023 k||y0rusy50 ca
|
| 101 |
0 |
|
|a rus
|
| 102 |
|
|
|a RU
|
| 135 |
|
|
|a drcn ---uucaa
|
| 200 |
1 |
|
|a Математическое моделирование процесса каталитического крекинга с учетом превращений сернистых соединений
|f Я. В. Шелест
|g науч. рук. Г. Ю. Назарова ; Национальный исследовательский Томский политехнический университет
|
| 225 |
1 |
|
|a Химические технологии переработки минерального и углеводородного сырья
|
| 300 |
|
|
|a Заглавие с экрана
|
| 320 |
|
|
|a Библиография: с. 190
|
| 336 |
|
|
|a Текстовый файл
|
| 461 |
|
1 |
|0 669747
|t Проблемы геологии и освоения недр
|l Problems of Geology and Subsurface Development
|o труды XXVII Международного молодежного научного симпозиума имени академика М.А. Усова, посвященного 160-летию со дня рождения академика В.А. Обручева и 140-летию академика М.А. Усова, основателям Сибирской горно-геологической школы, 3-7 апреля 2023 г., г. Томск
|f Национальный исследовательский Томский политехнический университет, Инженерная школа природных ресурсов ; гл. ред. А. С. Боев ; под ред. Е. Ю. Пасечник
|d 2023
|9 669747
|a Боев, А. С. (химик ; 1981-)
|c Томск
|n Изд-во ТПУ
|
| 463 |
|
1 |
|0 669760
|t Т. 2
|v С. 188-190
|d 2023
|9 669760
|p 1 файл (8,2 MB, 263 с.)
|u conference_tpu-2023-C11_V2.pdf
|
| 610 |
1 |
|
|a труды учёных ТПУ
|
| 610 |
1 |
|
|a электронный ресурс
|
| 610 |
1 |
|
|a каталитический крекинг
|
| 610 |
1 |
|
|a вакуумный газойль
|
| 610 |
1 |
|
|a установки гидроочистки
|
| 610 |
1 |
|
|a олефинсодержащий газ
|
| 610 |
1 |
|
|a пропилен
|
| 610 |
1 |
|
|a бутилены
|
| 610 |
1 |
|
|a сернистые соединения
|
| 610 |
1 |
|
|a математическая модель
|
| 700 |
|
1 |
|a Шелест
|b Я. В.
|
| 702 |
|
1 |
|a Назарова
|b Г. Ю.
|c химик
|c доцент Томского политехнического университета, кандидат технических наук
|f 1990-
|g Галина Юрьевна
|9 18715
|
| 712 |
0 |
2 |
|a Национальный исследовательский Томский политехнический университет
|b Инженерная школа природных ресурсов
|b Отделение нефтегазового дела
|9 28343
|
| 801 |
|
0 |
|a RU
|b 63413507
|c 20240315
|g RCR
|
| 850 |
|
|
|a 63413507
|
| 856 |
4 |
|
|u http://earchive.tpu.ru/handle/11683/77751
|z http://earchive.tpu.ru/handle/11683/77751
|
| 942 |
|
|
|c CF
|